=LDR 00000nam 2200000 4500 =001 INLIS000000000039660 =005 20130612145256 =008 ***********************************Ind** =035 ##$$0010-061300000039660 =041 ##$$a Ind =082 ##$$a 923 =090 ##$$a 923, Ram d.2 =100 ##$$a Hendry E. Ramadhan,ST =245 ##$$a 80 Pengusaha Sukses Dunia, M.H Riski =260 ##$$a 2011 $b Jakarta =300 ##$$a 275 hlm, 20 cm =700 ##$$a M.H Riski =850 ##$$a NBPNMAT